| 000 | 00531nam a2200181Ia 4500 | ||
|---|---|---|---|
| 008 | 131103s9999 xx 000 0 und d | ||
| 040 | _aLoreto College | ||
| 041 | _aEnglish | ||
| 082 |
_a954.03/HAS _bLCLIB(Press)/34 434 |
||
| 100 | _aHasan, Mohibbul | ||
| 245 |
_aHistory of Tipu Sultana _cMohibbul Hasan |
||
| 260 |
_aCalcutta _bThe World Press _c1971 |
||
| 300 |
_axvi,422p. _b map _c 21cm. |
||
| 504 | _aIncludes bibliographical references & Index | ||
| 650 | _aIndia - History | ||
| 850 | _aLCLIB/954.03/HAS | ||
| 942 | _cBK | ||
| 999 |
_c24886 _d75365 |
||